Trouvez les intrus n°1: Villes de France - Statistiques

Statistiques générales
  • Ce quiz a été pris 241 fois
  • Le résultat moyen est 2 sur 6
Answers on the Grid
Answers color-coded by a green-red scale on the quiz's grid according to % correct below.
Cordoue
Coblence
Meyrin
Andenne
Port-de-Paix
Angers
Carcassonne
Paris
Talence
Puteaux
Niort
Roubaix
Gap
Mons
Lyon
Menton
Malakoff
Saint-Médard-en-Jalles
Erstein
Bonifacio
Casaglione
Honfleur
Rouen
Martigues
Arles
Haguenau
Saint-Tropez
Le Castellet
Alfortville
Rochejean
 
Statistiques - réponses
Réponse % Correct
Cordoue
63%
Coblence
40%
Mons
40%
Meyrin
23%
Andenne
22%
Port-de-Paix
22%
Aucun quiz correspondant
Distribution des résultats
% des personnes avec chaque résultat
Percentile par nombre de réponses
Votre historique - résultats
Vous n’avez pas pris ce quiz